00481nam a22001817a 450000500170000001000170001702000260003403500170006003700170007708200100009410000170010424500460012125000080016726000290017527000610020430000210026570000130028620130701164310.0 aB-508928-929 a9788131716557c640.00 aB-508928-929 adplbKBD/Ven a338.5 aGravelle, H. aMicroeconomics/cby H.Gravelle and R.Rees a3rd aNew DelhibPearsonc2012 a11 Commu8nity Centre, Panchsheel ParkbNew Delhie110017 a748p.c23cm(pbk) dRees, R.